[Event "Open Tabor 2019"]
[Site "?"]
[Date "2019.08.01"]
[Round "6.25"]
[White "Glacner, Karel"]
[Black "Straka, Zdenek"]
[Result "1/2-1/2"]
[WhiteElo "1474"]
[BlackElo "1730"]
[PlyCount "142"]
[SourceDate "2019.07.29"]

1. e4 e6 2. f4 d5 3. exd5 exd5 4. Be2 Nf6 5. d3 Bd6 6. Nf3 c5 7. c3 Nc6 8. O-O
O-O 9. h3 Qc7 10. Nh2 g5 11. Bg4 Kh8 12. Bxc8 Raxc8 13. Qf3 Rce8 14. Na3 a6 15.
Bd2 Bxf4 16. Kh1 Re6 17. Bxf4 Qxf4 18. Qxf4 gxf4 19. Rxf4 Kg7 20. Nf3 Rfe8 21.
Rd1 Re2 22. Rd2 Rxd2 23. Nxd2 Re2 24. Nab1 Ne5 25. d4 Nd3 26. Rf3 c4 27. b3 b5
28. g4 Kg6 29. Kg1 h5 30. Rg3 hxg4 31. hxg4 Ne4 32. Rg2 Re1+ 33. Kh2 Ng5 34.
Rg1 Re3 35. Rg3 Re8 36. Kg1 Nf4 37. Kf1 f5 38. Nf3 Nxf3 39. gxf5+ Kxf5 40. Rxf3
Kg4 41. Rf2 Nd3 42. Re2 Rxe2 43. Kxe2 cxb3 44. a3 Nb2 45. Nd2 Na4 46. Nxb3
Nxc3+ 47. Ke3 Nb1 48. a4 bxa4 49. Nc1 Na3 50. Kd3 Nc4 51. Kc3 a5 52. Kc2 Kf5
53. Kd3 Ke6 54. Kc2 Kd6 55. Kb1 Kc6 56. Nd3 Kb5 57. Ka2 Ne3 58. Nf4 Kb4 59. Kb2
Nd1+ 60. Kc2 Nc3 61. Nd3+ Kc4 62. Nc5 Kxd4 63. Nb7 a3 64. Nxa5 a2 65. Nb3+ Kc4
66. Na1 d4 67. Kb2 d3 68. Nb3 Na4+ 69. Kxa2 Kc3 70. Ka3 Nb6 71. Nc5 Nc4+
1/2-1/2

[Event "Open Tabor 2019"]
[Site "?"]
[Date "2019.08.01"]
[Round "6.26"]
[White "Chval jun., Zdenek"]
[Black "Novak, Rudolf"]
[Result "1-0"]
[WhiteElo "1700"]
[BlackElo "1499"]
[PlyCount "77"]
[SourceDate "2019.07.29"]

1. e4 c5 2. Nf3 d6 3. d4 cxd4 4. Nxd4 Nf6 5. Nc3 e6 6. Be2 Be7 7. Be3 O-O 8.
O-O a6 9. f4 Nc6 10. Kh1 e5 11. Nxc6 bxc6 12. fxe5 dxe5 13. Qe1 Ng4 14. Bxg4
Bxg4 15. Qg3 f5 16. h3 f4 17. Bxf4 exf4 18. Qxg4 Qc8 19. Qf3 Bd6 20. Rad1 Be5
21. Rd2 Qb8 22. b3 Qb4 23. Rd3 Rf6 24. Ne2 Raf8 25. Rfd1 Qa5 26. a4 Qc5 27. Nd4
Bxd4 28. Rxd4 Qxc2 29. e5 Rg6 30. Rxf4 Re8 31. Rd7 Qc1+ 32. Kh2 Qc5 33. Re4 Rf8
34. Qe3 Qc2 35. Rd2 Qc1 36. e6 Rf1 37. Rd8+ Rf8 38. Rxf8+ Kxf8 39. Qxc1 1-0

[Event "Open Tabor 2019"]
[Site "?"]
[Date "2019.08.01"]
[Round "6.27"]
[White "Cipera, Josef"]
[Black "Malimanek, Marek"]
[Result "0-1"]
[WhiteElo "1649"]
[BlackElo "1408"]
[PlyCount "91"]
[SourceDate "2019.07.29"]

1. d4 b5 2. Bf4 Bb7 3. e3 Nf6 4. Bd3 Bxg2 5. f3 Bxh1 6. Qe2 a6 7. Nd2 Nc6 8. c3
d6 9. O-O-O e5 10. dxe5 dxe5 11. Bg5 Be7 12. Bxf6 Bxf6 13. Be4 Ne7 14. Bxa8
Qxa8 15. Ne4 Bh4 16. Nh3 Bxf3 17. Qxf3 O-O 18. Qg4 Ng6 19. Nc5 Qa7 20. b4 Be7
21. Rd5 Bd6 22. Qd7 Qb6 23. Ng5 Ne7 24. Qh3 h6 25. Nd7 Qc6 26. Rd1 Qxc3+ 27.
Kb1 Qxb4+ 28. Kc1 Qc3+ 29. Kb1 Ba3 30. Qg2 Qb4+ 31. Ka1 Rd8 32. Nf6+ gxf6 33.
Ne6+ Ng6 34. Rxd8+ Kh7 35. Qc2 Qe7 36. Rc8 Qxe6 37. Rxc7 e4 38. Kb1 Kg7 39. Rc6
Qg4 40. Qd2 Qg1+ 41. Kc2 Qa1 42. Kb3 b4 43. Ka4 Qb2 44. Qd6 Qe5 45. Rxa6 Qxd6
46. Rxd6 0-1

[Event "Open Tabor 2019"]
[Site "?"]
[Date "2019.08.01"]
[Round "6.28"]
[White "Svec, Vitezslav"]
[Black "Rolinkova, Adela"]
[Result "0-1"]
[WhiteElo "1609"]
[BlackElo "1211"]
[PlyCount "134"]
[SourceDate "2019.07.29"]

1. d4 d5 2. Nc3 Nc6 3. Bf4 Bf5 4. e3 e6 5. f3 Nf6 6. g4 Bg6 7. h4 h5 8. g5 Nd7
9. a3 a6 10. Bd3 Bxd3 11. Qxd3 Nb6 12. Nh3 Bd6 13. Rf1 Qd7 14. O-O-O e5 15.
dxe5 Nxe5 16. Bxe5 Bxe5 17. Nf2 O-O-O 18. f4 Bxc3 19. Qxc3 g6 20. Rd3 Qb5 21.
Rfd1 Na4 22. Qf6 Qb6 23. Qxb6 Nxb6 24. e4 dxe4 25. Nxe4 Rxd3 26. Rxd3 Rd8 27.
Kd2 Rxd3+ 28. Kxd3 Nd5 29. Nd2 Nxf4+ 30. Ke4 Ng2 31. Nf3 Kd7 32. Ke5 Ke7 33. c4
Ne3 34. b3 Ng4+ 35. Kd5 f6 36. gxf6+ Kxf6 37. Ke4 Nf2+ 38. Kf4 Nd3+ 39. Kg3 Ne5
40. Nd4 c5 41. Ne2 g5 42. hxg5+ Kxg5 43. b4 h4+ 44. Kh3 cxb4 45. axb4 Nxc4 46.
Nd4 Ne5 47. Ne6+ Kh5 48. Nf4+ Kg5 49. Ne6+ Kf6 50. Nc5 Kg5 51. Nxb7 Nd3 52. Na5
Nxb4 53. Kh2 Kg4 54. Nc4 h3 55. Ne3+ Kh4 56. Nf5+ Kg5 57. Nd4 Kg4 58. Nb3 Nc6
59. Kh1 a5 60. Nxa5 Nxa5 61. Kh2 Nc4 62. Kh1 Nd2 63. Kh2 Nf1+ 64. Kh1 Kg3 65.
Kg1 Nd2 66. Kh1 Ne4 67. Kg1 Nf2 0-1

[Event "Open Tabor 2019"]
[Site "?"]
[Date "2019.08.01"]
[Round "6.29"]
[White "Steinbauer, Sebastian"]
[Black "Petr, Josef"]
[Result "0-1"]
[WhiteElo "1294"]
[BlackElo "1586"]
[PlyCount "82"]
[SourceDate "2019.07.29"]

1. e4 e5 2. Nf3 Nc6 3. Bc4 Nf6 4. Ng5 d5 5. exd5 Nxd5 6. d4 Be6 7. Nxe6 fxe6 8.
dxe5 Nxe5 9. Qh5+ Nf7 10. O-O Qd7 11. Bxd5 Qxd5 12. Qxd5 exd5 13. Re1+ Kd7 14.
Bf4 Bc5 15. Nd2 Nd6 16. Nb3 Bb6 17. Kf1 Rhf8 18. Be3 Nc4 19. Bxb6 axb6 20. Rad1
c6 21. Re2 Rxa2 22. Rde1 Rf7 23. Nc1 Rxb2 24. Nd3 Ra2 25. f3 Ra8 26. h3 Rd8 27.
Kf2 Kc7 28. Re7+ Rxe7 29. Rxe7+ Rd7 30. Rxd7+ Kxd7 31. g4 d4 32. f4 c5 33. h4
Ke6 34. f5+ Kf6 35. Nf4 Ne3 36. Kf3 Nxc2 37. Nd5+ Ke5 38. Nxb6 Ne3 39. Nd7+ Kd6
40. Nf8 h6 41. Ne6 Nd5 0-1

[Event "Open Tabor 2019"]
[Site "?"]
[Date "2019.08.01"]
[Round "6.30"]
[White "Vojta, Ladislav"]
[Black "Vanek, Frantisek"]
[Result "0-1"]
[WhiteElo "1471"]
[BlackElo "1413"]
[PlyCount "65"]
[SourceDate "2019.07.29"]

1. b4 e6 2. Bb2 Nf6 3. b5 Be7 4. c4 c5 5. Nf3 O-O 6. e3 a6 7. a4 a5 8. d4 b6 9.
Nc3 Bb7 10. Bd3 d5 11. O-O cxd4 12. exd4 dxc4 13. Bxc4 Ra7 14. h3 Bxf3 15. gxf3
Qc7 16. Bb3 Rd8 17. Ne2 Nd5 18. Bxd5 Rxd5 19. f4 Bh4 20. Rc1 Qd6 21. Rc8+ Bd8
22. Qb3 g5 23. Ba3 Qd7 24. Rfc1 Kg7 25. Qg3 Bc7 26. R1xc7 Rxc7 27. Qxg5+ Rxg5+
28. fxg5 Qxc8 29. Bd6 Rc2 30. Be5+ Kg8 31. Ng3 Nd7 32. Bd6 Rd2 33. h4 0-1

[Event "Open Tabor 2019"]
[Site "?"]
[Date "2019.08.01"]
[Round "6.31"]
[White "Prochazka, Pavel"]
[Black "Sedivy, Karel"]
[Result "0-1"]
[WhiteElo "1681"]
[BlackElo "1757"]
[PlyCount "41"]
[SourceDate "2019.07.29"]

1. e4 c5 2. Nf3 Nc6 3. Bc4 Nf6 4. Nc3 d6 5. h3 e6 6. a3 Be7 7. d3 h6 8. g4 b6
9. Be3 Bb7 10. Qe2 Qc7 11. Rd1 a6 12. Nd2 Nd4 13. Bxd4 cxd4 14. Ncb1 d5 15. Bb3
O-O 16. O-O Rac8 17. f4 Ne8 18. Rc1 Bc5 19. g5 dxe4 20. Nxe4 Bxe4 21. Qxe4 0-1

[Event "Open Tabor 2019"]
[Site "?"]
[Date "2019.08.01"]
[Round "6.32"]
[White "Postl, Frantisek"]
[Black "Policar, Martin"]
[Result "0-1"]
[WhiteElo "1203"]
[BlackElo "1045"]
[PlyCount "62"]
[SourceDate "2019.07.29"]

1. e4 e5 2. Nf3 Nc6 3. Bb5 Bc5 4. Nc3 Nf6 5. O-O O-O 6. d3 d6 7. Bxc6 bxc6 8.
d4 exd4 9. Nxd4 Bxd4 10. Qxd4 c5 11. Qd3 a5 12. Re1 Be6 13. Bg5 Re8 14. e5 dxe5
15. Qxd8 Raxd8 16. Bxf6 gxf6 17. Rad1 Kh8 18. a4 Rg8 19. g3 Rxd1 20. Rxd1 f5
21. Kh1 f4 22. gxf4 Bg4 23. Rd3 c4 24. Re3 exf4 25. f3 fxe3 26. fxg4 Rxg4 27.
Ne2 Kg7 28. Nc1 Re4 29. Kg2 e2 30. Nxe2 Rxe2+ 31. Kf3 Rxc2 0-1

[Event "Open Tabor 2019"]
[Site "?"]
[Date "2019.08.01"]
[Round "6.33"]
[White "Kubes, Patrik"]
[Black "Lapunik, Pavel"]
[Result "0-1"]
[WhiteElo "1000"]
[BlackElo "1725"]
[PlyCount "75"]
[SourceDate "2019.07.29"]

1. e4 e6 2. d4 d5 3. exd5 exd5 4. Bd3 Bd6 5. Ne2 Nc6 6. Bf4 Nf6 7. O-O O-O 8.
Bxd6 Qxd6 9. c3 Bg4 10. h3 Bh5 11. Nd2 Ne7 12. Qc2 Rfe8 13. Rfe1 c6 14. Ng3 Bg6
15. c4 Qc7 16. cxd5 Nexd5 17. Bxg6 hxg6 18. a3 Re7 19. Nde4 Rae8 20. f3 Nxe4
21. Nxe4 f5 22. Nf6+ gxf6 23. Rxe7 Rxe7 24. g4 Qg3+ 25. Qg2 Re1+ 26. Rxe1 Qxe1+
27. Kh2 Nf4 28. Qc2 Qe2+ 29. Qxe2 Nxe2 30. gxf5 gxf5 31. b4 Nxd4 32. Kg3 Kg7
33. a4 Nc2 34. b5 cxb5 35. axb5 Nd4 36. h4 Nxb5 37. h5 a5 38. Kh3 0-1

[Event "Open Tabor 2019"]
[Site "?"]
[Date "2019.08.01"]
[Round "6.34"]
[White "Slaby, Matej"]
[Black "Tejnor, Martin"]
[Result "1-0"]
[WhiteElo "1000"]
[BlackElo "1353"]
[PlyCount "55"]
[SourceDate "2019.07.29"]

1. c4 e5 2. b3 c6 3. Bb2 Qc7 4. e3 d5 5. cxd5 cxd5 6. a3 Nf6 7. d3 Be7 8. Nd2
O-O 9. Rc1 Qd6 10. Qc2 Nbd7 11. Ngf3 b6 12. b4 Bb7 13. e4 Rac8 14. Qb1 Rxc1+
15. Bxc1 Rc8 16. Be2 Qc6 17. Bb2 Bd6 18. exd5 Nxd5 19. Nc4 f6 20. O-O Nf4 21.
Re1 Ba6 22. Bf1 Nh3+ 23. gxh3 Qxf3 24. Nxd6 Rc7 25. b5 Bb7 26. Nxb7 Rxb7 27.
Bg2 Qxh3 28. Bxh3 1-0

[Event "Open Tabor 2019"]
[Site "?"]
[Date "2019.08.01"]
[Round "6.35"]
[White "Tejnor, Pavel"]
[Black "Slaby, Martin"]
[Result "0-1"]
[WhiteElo "1000"]
[BlackElo "1164"]
[PlyCount "68"]
[SourceDate "2019.07.29"]

1. e4 c5 2. Nf3 b6 3. Nc3 Bb7 4. d3 h6 5. Be3 e6 6. Nd2 d6 7. Bf4 Nf6 8. h3
Nbd7 9. Be2 Be7 10. Bf3 a6 11. h4 Qc7 12. g4 Bc6 13. g5 hxg5 14. hxg5 Rxh1+ 15.
Bxh1 Ng8 16. Qh5 g6 17. Qh8 O-O-O 18. Qh7 Rf8 19. Nf3 b5 20. Nh4 Qa5 21. Bd2 b4
22. Ne2 Qd8 23. Nf3 Ne5 24. Qh4 f6 25. a3 a5 26. axb4 cxb4 27. c3 b3 28. c4 a4
29. Nc3 Nxf3+ 30. Bxf3 fxg5 31. Qh7 Rxf3 32. Be3 Qe8 33. d4 Nf6 34. Bxg5 Nxh7
0-1

[Event "Open Tabor 2019"]
[Site "?"]
[Date "2019.08.03"]
[Round "8.1"]
[White "Kotal, Vaclav"]
[Black "Loskot, Petr"]
[Result "1-0"]
[WhiteElo "2205"]
[BlackElo "1999"]
[PlyCount "82"]
[SourceDate "2019.07.29"]

1. e4 e6 2. d4 d5 3. Nd2 a6 4. Ngf3 c5 5. exd5 exd5 6. c3 Nc6 7. Be2 Nf6 8. O-O
cxd4 9. cxd4 Bd6 10. Re1 O-O 11. Nf1 Qb6 12. Ne3 Re8 13. a3 a5 14. b3 Ne7 15.
Bd3 g6 16. Ra2 Bd7 17. Rae2 Ng4 18. Bb2 Nxe3 19. Rxe3 f6 20. Nd2 a4 21. b4 Kf7
22. Qf3 Bc7 23. Bb1 Qd6 24. g3 Nf5 25. Rxe8 Rxe8 26. Rxe8 Kxe8 27. Ba2 Bc6 28.
Nf1 Bb6 29. Qd3 Qd7 30. Bc3 Kf7 31. Qd1 Qe6 32. Qd3 Qd7 33. h4 Kg7 34. Ne3 Nxe3
35. Qxe3 Bd8 36. Bd2 Kg8 37. Qf3 Qf7 38. b5 Bd7 39. Bxd5 Be6 40. Bxb7 Qd7 41.
Qc6 Bh3 1-0

[Event "Open Tabor 2019"]
[Site "?"]
[Date "2019.08.03"]
[Round "8.2"]
[White "Lys, Josef"]
[Black "Volodin, Viktor"]
[Result "1-0"]
[WhiteElo "2149"]
[BlackElo "2178"]
[PlyCount "118"]
[SourceDate "2019.07.29"]

1. d4 d5 2. c4 e6 3. Nf3 Nf6 4. e3 c6 5. Nc3 Nbd7 6. Be2 Bd6 7. b3 O-O 8. Bb2
Re8 9. O-O dxc4 10. bxc4 e5 11. Qc2 e4 12. Nd2 Qe7 13. Rfe1 Nf8 14. Nf1 Ng6 15.
a4 a5 16. Qb3 Bg4 17. Ba3 Bb4 18. Bxb4 Qxb4 19. Qc2 Bxe2 20. Nxe2 Qe7 21. Reb1
Nh4 22. Neg3 Qd7 23. Qe2 Rab8 24. Rb6 Qc7 25. Rab1 Nd7 26. R6b2 b6 27. Qg4 Qd8
28. Nd2 g6 29. Qf4 f5 30. Qd6 Rc8 31. c5 bxc5 32. Rb7 Nf6 33. dxc5 Qxd6 34.
cxd6 Rcd8 35. Nc4 g5 36. Ne2 c5 37. R7b5 Nd7 38. Rxa5 Kf7 39. Nc3 Ke6 40. Rd1
Ng6 41. Nb5 Rf8 42. Nc7+ Kf6 43. Rb5 Nde5 44. Nxe5 Nxe5 45. Rxc5 Nd3 46. Rd5
Rb8 47. Nb5 Ke6 48. Rd4 Rfc8 49. d7 Rd8 50. g4 fxg4 51. Rxe4+ Ne5 52. Kg2 Rb6
53. Nc7+ Kf5 54. Red4 Rb3 55. e4+ Kf6 56. Rd6+ Kf7 57. Ne6 Rxd7 58. Nxg5+ Kg8
59. Rxd7 Nxd7 1-0

[Event "Open Tabor 2019"]
[Site "?"]
[Date "2019.08.03"]
[Round "8.3"]
[White "Chval, Zdenek"]
[Black "Stinka, Jakub"]
[Result "1/2-1/2"]
[WhiteElo "2145"]
[BlackElo "2135"]
[PlyCount "76"]
[SourceDate "2019.07.29"]

1. e4 e6 2. d4 d5 3. Nd2 a6 4. Ngf3 c5 5. exd5 exd5 6. c3 Nc6 7. Bd3 c4 8. Bc2
Bd6 9. O-O Nge7 10. b3 b5 11. bxc4 bxc4 12. Re1 O-O 13. Nf1 h6 14. Ne5 Bxe5 15.
dxe5 Qa5 16. Re3 Bf5 17. Ng3 Bxc2 18. Qxc2 d4 19. cxd4 Nd5 20. Re4 Qc3 21. Qxc3
Nxc3 22. Rg4 Kh7 23. Bd2 Nb5 24. Rc1 Ncxd4 25. Rxc4 Ne6 26. Kf1 Rfd8 27. Be3
Rd1+ 28. Ke2 Rad8 29. a4 Nbc7 30. Nf5 Nd5 31. Bxh6 Nb6 32. Rb4 gxh6 33. Rxb6
R1d2+ 34. Kf3 h5 35. Rc4 R2d3+ 36. Ke4 Ng5+ 37. Kf4 Ne6+ 38. Ke4 Ng5+ 1/2-1/2

[Event "Open Tabor 2019"]
[Site "?"]
[Date "2019.08.03"]
[Round "8.4"]
[White "Nehyba, Martin"]
[Black "Heinzel, Olaf"]
[Result "1/2-1/2"]
[WhiteElo "2090"]
[BlackElo "2321"]
[PlyCount "109"]
[SourceDate "2019.07.29"]

1. c4 Nf6 2. g3 c5 3. Bg2 d5 4. cxd5 Nxd5 5. Nf3 Nc6 6. d4 cxd4 7. Nxd4 Ndb4 8.
Nxc6 Qxd1+ 9. Kxd1 Nxc6 10. Bxc6+ bxc6 11. Be3 Ba6 12. Nc3 e5 13. Kd2 O-O-O+
14. Kc2 Bb4 15. Rhe1 Rd7 16. a3 Ba5 17. b4 Bb6 18. Bxb6 axb6 19. a4 Rhd8 20.
Red1 Bc4 21. Rxd7 Rxd7 22. Rd1 Rxd1 23. Kxd1 Bb3+ 24. Kd2 Kc7 25. Kd3 f6 26. e3
c5 27. bxc5 bxc5 28. Ne4 Kc6 29. a5 f5 30. Nd2 e4+ 31. Kc3 Be6 32. g4 g6 33. h4
Kb5 34. gxf5 gxf5 35. f3 Bd5 36. fxe4 fxe4 37. Nf1 Kxa5 38. Ng3 Kb5 39. Nh5 Bf7
40. Ng3 Bd5 41. Nh5 h6 42. Nf6 Kc6 43. Nh5 Kc7 44. Ng3 Kd6 45. Nf5+ Ke5 46. Ng3
Bf7 47. Kd2 Kd5 48. Kc3 Be6 49. Ne2 Kc6 50. Ng3 Bd5 51. Nf5 Kb5 52. Ng3 Ka4 53.
Nh5 Kb5 54. Ng3 Ka4 55. Nh5 1/2-1/2

[Event "Open Tabor 2019"]
[Site "?"]
[Date "2019.08.03"]
[Round "8.5"]
[White "Rolinek, Dominik"]
[Black "Borkovec, Milan"]
[Result "0-1"]
[WhiteElo "2004"]
[BlackElo "2253"]
[PlyCount "44"]
[SourceDate "2019.07.29"]

1. d4 Nf6 2. Bf4 e6 3. e3 d5 4. Nf3 Bd6 5. Bg3 O-O 6. Nbd2 b6 7. Bd3 c5 8. c3
Bb7 9. O-O Nc6 10. Ne5 Ne7 11. Qb1 g6 12. Bh4 Ne8 13. e4 cxd4 14. cxd4 Rc8 15.
Bb5 Bb4 16. Bxe8 Qxe8 17. Ng4 f6 18. Bxf6 h5 19. Nh6+ Kh7 20. Bg5 Bxd2 21. Bxd2
dxe4 22. g4 e3 0-1

[Event "Open Tabor 2019"]
[Site "?"]
[Date "2019.08.03"]
[Round "8.26"]
[White "Herynek, Petr"]
[Black "Rolinkova, Adela"]
[Result "1-0"]
[WhiteElo "1612"]
[BlackElo "1211"]
[PlyCount "93"]
[SourceDate "2019.07.29"]

1. e4 d6 2. d3 Nf6 3. Nd2 g6 4. Ngf3 Bg7 5. g3 O-O 6. Bg2 e5 7. O-O c5 8. a4 a5
9. Nc4 Nc6 10. c3 Be6 11. Ne3 Qc7 12. Qe2 Rfe8 13. Nd2 Rad8 14. Ndc4 d5 15.
Nxd5 Nxd5 16. exd5 Bxd5 17. Be3 Bxg2 18. Kxg2 Qd7 19. Rfd1 Ne7 20. Kg1 Qc7 21.
b4 axb4 22. cxb4 b6 23. a5 bxa5 24. Rxa5 Nd5 25. Rxc5 Qe7 26. Qe1 Nxe3 27. fxe3
Qb7 28. Qc3 e4 29. d4 Bf8 30. Na5 Qb6 31. Rc4 Rb8 32. Rb1 Ra8 33. Nc6 Rec8 34.
Ne7+ Bxe7 35. Rxc8+ Rxc8 36. Qxc8+ Kg7 37. Qc4 Bg5 38. Re1 Be7 39. b5 Bg5 40.
Qe2 f5 41. h4 Be7 42. Qc4 Bd6 43. Kg2 Kf8 44. Rc1 Qb8 45. Qc8+ Qxc8 46. Rxc8+
Ke7 47. b6 1-0

[Event "Open Tabor 2019"]
[Site "?"]
[Date "2019.08.03"]
[Round "8.7"]
[White "Zilavy, Jan"]
[Black "Otradovec, Lubos"]
[Result "1/2-1/2"]
[WhiteElo "2118"]
[BlackElo "1843"]
[PlyCount "80"]
[SourceDate "2019.07.29"]

1. e4 d5 2. exd5 Qxd5 3. Nc3 Qa5 4. d4 c6 5. Nf3 Nf6 6. Bc4 Bf5 7. Bd2 e6 8.
Qe2 Bb4 9. O-O-O Nbd7 10. h4 O-O-O 11. Ne5 Rhf8 12. Bb3 h5 13. Nc4 Qc7 14. g3
Nd5 15. Qxh5 Bxc3 16. Bxc3 N7f6 17. Qe2 Ne4 18. Bd2 c5 19. dxc5 Nxc5 20. Qe5
Nxb3+ 21. axb3 Qc6 22. Bf4 Nxf4 23. Qxf4 b5 24. Ne3 Be4 25. Rhf1 f6 26. f3 Bh7
27. Qb4 Qb6 28. Rfe1 Rxd1+ 29. Nxd1 Rd8 30. Qe7 e5 31. b4 Rd7 32. Qf8+ Kb7 33.
Qc5 Qxc5 34. bxc5 Kc6 35. b4 a5 36. bxa5 Kxc5 37. c3 Ra7 38. Kb2 Rxa5 39. Ne3
Ra7 40. Rd1 Kc6 1/2-1/2

[Event "Open Tabor 2019"]
[Site "?"]
[Date "2019.08.03"]
[Round "8.8"]
[White "Michalcak, Lubomir"]
[Black "Bartos, Alois"]
[Result "1-0"]
[WhiteElo "2031"]
[BlackElo "1953"]
[PlyCount "67"]
[SourceDate "2019.07.29"]

1. d4 Nf6 2. c4 c5 3. d5 e6 4. Nc3 exd5 5. cxd5 d6 6. Nf3 g6 7. Nd2 a6 8. a4
Nbd7 9. e4 Qc7 10. Be2 Bg7 11. O-O O-O 12. Nc4 Nb6 13. Na3 Bd7 14. f3 Rfe8 15.
h3 Re7 16. Bf4 Rae8 17. a5 Nc8 18. Nc4 Nh5 19. Bh2 Bd4+ 20. Kh1 Bb5 21. g4 Nf6
22. Nxd6 Bxe2 23. Nxe8 Qxh2+ 24. Kxh2 Bxd1 25. Nxf6+ Bxf6 26. Raxd1 Nd6 27.
Rfe1 Be5+ 28. Kg2 Nc4 29. Na4 Bd4 30. Rc1 Nxa5 31. Nxc5 Bxb2 32. d6 Re8 33. Rb1
Ba3 34. d7 1-0

[Event "Open Tabor 2019"]
[Site "?"]
[Date "2019.08.03"]
[Round "8.9"]
[White "Hasek, Vaclav"]
[Black "Parak, Dominik"]
[Result "1/2-1/2"]
[WhiteElo "1929"]
[BlackElo "2091"]
[PlyCount "51"]
[SourceDate "2019.07.29"]

1. Nf3 d5 2. d4 Nf6 3. c4 e6 4. e3 c6 5. Nc3 Bd6 6. Bd3 O-O 7. O-O Nbd7 8. e4
dxe4 9. Nxe4 Nxe4 10. Bxe4 Nf6 11. Bd3 h6 12. b3 Bc7 13. Bb2 Qd6 14. g3 Rd8 15.
Qe2 a5 16. a4 c5 17. Rfd1 cxd4 18. Bxd4 Qe7 19. Bc2 Bd7 20. Bxf6 Qxf6 21. Be4
Rab8 22. Ra2 b6 23. Rad2 Bc8 24. Nd4 e5 25. Nf5 Bxf5 26. h3 1/2-1/2

[Event "Open Tabor 2019"]
[Site "?"]
[Date "2019.08.03"]
[Round "8.10"]
[White "Havluj, Zdenek"]
[Black "Hurtak, Otto"]
[Result "1/2-1/2"]
[WhiteElo "1890"]
[BlackElo "2048"]
[PlyCount "29"]
[SourceDate "2019.07.29"]

1. e4 c5 2. Nf3 g6 3. c3 d5 4. e5 Bg4 5. Bb5+ Nc6 6. h3 Bxf3 7. Bxc6+ bxc6 8.
Qxf3 e6 9. O-O h5 10. Na3 Nh6 11. Nc2 Nf5 12. Ne3 h4 13. Nxf5 gxf5 14. d4 Rb8
15. b3 1/2-1/2

[Event "Open Tabor 2019"]
[Site "?"]
[Date "2019.08.03"]
[Round "8.11"]
[White "Lizner, Milan"]
[Black "Brom, Jiri"]
[Result "0-1"]
[WhiteElo "1884"]
[BlackElo "2018"]
[PlyCount "60"]
[SourceDate "2019.07.29"]

1. e4 c5 2. Nf3 Nc6 3. c3 Nf6 4. e5 Nd5 5. d4 cxd4 6. cxd4 d6 7. Bc4 Nb6 8. Bb3
dxe5 9. dxe5 Qxd1+ 10. Bxd1 Bg4 11. h3 Bd7 12. O-O g6 13. b3 Bg7 14. Bb2 O-O
15. Nbd2 Nd5 16. Bc2 h6 17. a3 Rac8 18. Rac1 Rfd8 19. b4 Nf4 20. Kh2 Be6 21.
Ne4 b6 22. Bb1 Nd3 23. Bxd3 Rxd3 24. b5 Na5 25. Rxc8+ Bxc8 26. Rc1 Bb7 27. Ned2
Nb3 28. Rc2 Nxd2 29. Rxd2 Rb3 30. Nd4 Bxe5+ 0-1

[Event "Open Tabor 2019"]
[Site "?"]
[Date "2019.08.03"]
[Round "8.12"]
[White "Zidu, Jan"]
[Black "Petrak, Robert"]
[Result "0-1"]
[WhiteElo "1852"]
[BlackElo "2017"]
[PlyCount "61"]
[SourceDate "2019.07.29"]

1. d4 d5 2. c4 c6 3. Nf3 Nf6 4. e3 g6 5. Nc3 Bg7 6. cxd5 cxd5 7. Bd3 Nc6 8. O-O
O-O 9. a3 Re8 10. b4 Bg4 11. Ne2 Rc8 12. Bb2 Bxf3 13. gxf3 e5 14. Bb5 Nd7 15.
Rc1 a5 16. f4 exf4 17. Nxf4 axb4 18. axb4 Nf8 19. Rc5 Qg5+ 20. Kh1 Red8 21. Rg1
Qf5 22. Bd3 Qf6 23. Nxd5 Rxd5 24. Rxd5 Qxf2 25. Rb5 Qxb2 26. Rxb7 Nd8 27. b5
Nxb7 28. Qf3 Nd6 29. Rb1 Rc1+ 30. Rxc1 Qxc1+ 31. Kg2 0-1

[Event "Open Tabor 2019"]
[Site "?"]
[Date "2019.08.03"]
[Round "8.13"]
[White "Mikulas, Dusan"]
[Black "Slajs, Vlastimil"]
[Result "1/2-1/2"]
[WhiteElo "2010"]
[BlackElo "1769"]
[PlyCount "60"]
[SourceDate "2019.07.29"]

1. e4 e5 2. Nf3 Nc6 3. Bc4 Nf6 4. d3 Be7 5. Nbd2 O-O 6. Bb3 d6 7. c3 Na5 8. Bc2
c5 9. O-O Nc6 10. Re1 h6 11. Nf1 Be6 12. Ng3 Qd7 13. Nh4 Nh7 14. Nhf5 Bg5 15.
Bxg5 hxg5 16. d4 cxd4 17. cxd4 Bxf5 18. Nxf5 g6 19. d5 Ne7 20. Ba4 Qd8 21.
Nxe7+ Qxe7 22. g4 Rac8 23. Rc1 Rc7 24. Re3 Rfc8 25. Rec3 Rxc3 26. bxc3 Nf6 27.
Qf3 Kg7 28. h3 Nd7 29. Bxd7 Qxd7 30. Qe3 Qa4 1/2-1/2

[Event "Open Tabor 2019"]
[Site "?"]
[Date "2019.08.03"]
[Round "8.14"]
[White "Prachar, Josef"]
[Black "Kubin, Petr"]
[Result "0-1"]
[WhiteElo "1789"]
[BlackElo "1997"]
[PlyCount "86"]
[SourceDate "2019.07.29"]

1. d4 f5 2. Nc3 Nf6 3. Bg5 e6 4. e4 fxe4 5. Nxe4 Be7 6. Bxf6 Bxf6 7. Qh5+ g6 8.
Qh6 d5 9. Nxf6+ Qxf6 10. Nf3 Bd7 11. h4 Nc6 12. O-O-O a6 13. h5 O-O-O 14. Qe3
Rdf8 15. Kb1 Rhg8 16. Qa3 g5 17. Bxa6 bxa6 18. Qxa6+ Kd8 19. Qa8+ Ke7 20. Qa3+
Kf7 21. Rd3 g4 22. Qc3 Kg7 23. Nh4 Qxf2 24. a3 Qf4 25. Rdd1 Qd6 26. Qd3 Be8 27.
h6+ Kh8 28. Rdf1 Rxf1+ 29. Rxf1 Rf8 30. Re1 Rf6 31. Qd2 Qf8 32. Qg5 Qxh6 33.
Qxg4 Bf7 34. Rh1 Qf4 35. Qh3 Nxd4 36. Nf3 Bg6 37. Nxd4 Qxd4 38. Qg3 Qc4 39. Qe5
Bxc2+ 40. Ka1 Qf4 41. Qc3 Bg6 42. g3 Qf3 43. Qxc7 Qxh1+ 0-1

[Event "Open Tabor 2019"]
[Site "?"]
[Date "2019.08.03"]
[Round "8.15"]
[White "Chval jun., Zdenek"]
[Black "Eretova, Jana"]
[Result "1/2-1/2"]
[WhiteElo "1700"]
[BlackElo "1981"]
[PlyCount "63"]
[SourceDate "2019.07.29"]

1. e4 c5 2. Nf3 e6 3. d4 cxd4 4. Nxd4 a6 5. Nc3 Nc6 6. Be3 Nf6 7. f3 Qc7 8. Qd2
b5 9. g4 h6 10. O-O-O Bb7 11. h4 Nxd4 12. Bxd4 e5 13. Be3 Bb4 14. Bg2 d5 15. g5
d4 16. gxf6 O-O-O 17. Qf2 dxe3 18. Qxe3 gxf6 19. Qa7 Rd6 20. Bh3+ Kd8 21. Rxd6+
Bxd6 22. Rd1 Ke7 23. Nd5+ Bxd5 24. Qxc7+ Bxc7 25. Rxd5 Bd6 26. Kd2 Rg8 27. Bg4
Rb8 28. Kd3 a5 29. Bh5 Rb6 30. b3 a4 31. bxa4 bxa4 32. Ra5 1/2-1/2

[Event "Open Tabor 2019"]
[Site "?"]
[Date "2019.08.03"]
[Round "8.16"]
[White "Krbusik, Marian"]
[Black "Gruber, Milos"]
[Result "1-0"]
[WhiteElo "1881"]
[BlackElo "1937"]
[PlyCount "39"]
[SourceDate "2019.07.29"]

1. d4 Nf6 2. c4 g6 3. Nc3 d5 4. e3 Bg7 5. Nf3 O-O 6. Be2 c5 7. O-O cxd4 8. Nxd4
Nc6 9. Nf3 Bf5 10. Qa4 dxc4 11. Bxc4 Rc8 12. e4 Nxe4 13. Nxe4 Bxe4 14. Bxf7+
Rxf7 15. Qxe4 Qa5 16. Ng5 Qf5 17. Qc4 Ne5 18. Qb3 Rxc1 19. Raxc1 Qxg5 20. f4
1-0

[Event "Open Tabor 2019"]
[Site "?"]
[Date "2019.08.03"]
[Round "8.17"]
[White "Kovar, Petr"]
[Black "Kaucky, Jaroslav"]
[Result "1-0"]
[WhiteElo "1937"]
[BlackElo "1534"]
[PlyCount "86"]
[SourceDate "2019.07.29"]

1. e4 e5 2. Nf3 Nc6 3. d4 exd4 4. Bc4 h6 5. Nxd4 Nxd4 6. Qxd4 d6 7. Nc3 Qf6 8.
Qd3 c6 9. O-O Be6 10. Bb3 Qd8 11. f4 Bxb3 12. axb3 Nf6 13. Qf3 Qc7 14. Be3 Be7
15. h3 O-O 16. g4 Nh7 17. Ne2 a6 18. Ng3 Bf6 19. c3 Rae8 20. Nf5 Kh8 21. h4 Rg8
22. g5 Bd8 23. c4 Re6 24. Bd4 f6 25. gxh6 gxh6+ 26. Kf2 Rge8 27. Rae1 d5 28. e5
c5 29. cxd5 cxd4 30. Rc1 Qb6 31. dxe6 fxe5 32. e7 d3+ 33. Qe3 Qxe3+ 34. Kxe3
exf4+ 35. Kf3 Ba5 36. Rc5 b6 37. Rd5 d2 38. Rd8 Nf6 39. Nd6 Kg8 40. Nxe8 Nxe8
41. Rxe8+ Kf7 42. Rd8 Kxe7 43. Rd4 Ke6 1-0

[Event "Open Tabor 2019"]
[Site "?"]
[Date "2019.08.03"]
[Round "8.18"]
[White "Glacner, Karel"]
[Black "Rybin, Jan"]
[Result "0-1"]
[WhiteElo "1474"]
[BlackElo "1900"]
[PlyCount "72"]
[SourceDate "2019.07.29"]

1. e4 c6 2. d4 d5 3. e5 Bf5 4. Bd3 Bxd3 5. Qxd3 e6 6. Nf3 Qb6 7. O-O c5 8. c4
Ne7 9. dxc5 Qxc5 10. b3 Nbc6 11. Be3 Qa5 12. Bd2 Qc7 13. Re1 Rd8 14. cxd5 Nxd5
15. Qc4 Be7 16. a3 O-O 17. b4 Qb6 18. Nc3 Nxc3 19. Bxc3 Rd5 20. Qe2 Rfd8 21.
Rad1 Qc7 22. Rxd5 Rxd5 23. Rd1 a5 24. Rxd5 exd5 25. Qe1 axb4 26. Bxb4 Nxb4 27.
axb4 Qb6 28. e6 fxe6 29. b5 Bf6 30. Qe2 Qd6 31. h4 d4 32. Qa2 Kf7 33. g4 d3 34.
g5 Be7 35. Qd2 Ke8 36. Qc3 e5 0-1